00858 a2200145 4500003000500000005001700005040000900022082001200031100002200043245004400065260003600109300001100145505053200156650002400688NUST20230202130923.0 cNust a954,NEH aNehru, Jawaharlal aIndia And The World /cJawaharlal Nehru aLondonbGeorge Allen & coc1936 a262:p. aPresidential Address to the National Congress ,1929 (Page-13), Whither India ,1933 (Page-39), Presidential Address to the National Congress,1936 (Page-64), Prison-Land , 1934 (Page-108), The Mind of a Judge ,1935 (Page-130), Quetta,1935 (Page-146), First letter to Indira (Page-156), The Last Letter to Indira (Page-162), Mahatma Gandhi ,1936 (Page-172), A Letter to an Englishman (Page-177), India and The World (Page-200), A Visit to England ,1936 (Page-210), The Way to Peace ,1936 (Page-218), Indian Problems (Page-226).  aIndia And The World